[Event "Titled Tuesday intern op 24th Nov"]
[Site "Chess.com INT"]
[Date "2020.11.24"]
[Round "9"]
[White "Jakubowski, Krzysztof"]
[Black "Osorio Itanare, Fernando Augus"]
[Result "0-1"]
[WhiteElo "2497"]
[BlackElo "2217"]
[PlyCount "78"]
[EventDate "2020.11.24"]
[EventType "swiss (blitz)"]
[EventRounds "11"]
[EventCountry "USA"]
[SourceTitle "CBM 199 Extra"]
[Source "ChessBase"]
[SourceDate "2021.01.31"]
[SourceVersion "1"]
[SourceVersionDate "2021.01.31"]
[SourceQuality "1"]

1. d4 d5 2. c4 e6 3. Nc3 f5 4. Bf4 Nf6 5. e3 c6 6. Nf3 Be7 7. Be2 0-0 8. 0-0 Ne4 9. Nxe4 fxe4 10. Ne5 Nd7 11. c5 Bf6 12. Nxd7 Bxd7 13. Qd2 Qe8 14. Bd6 Be7 15. Bg3 Bf6 16. Bg4 Qg6 17. Bh3 Rf7 18. f4 h5 19. b4 Qh6 20. a4 g5 21. fxg5 Bxg5 22. Bf4 Bxf4 23. Rxf4 Rxf4 24. exf4 Rf8 25. g3 h4 26. Kg2 Rf7 27. b5 Rg7 28. Ra3 cxb5 29. axb5 Bxb5 30. Qa5 a6 31. Qd8+ Kh7 32. Qb8 hxg3 33. Rxg3 Rxg3+ 34. hxg3 Bf1+ 35. Kxf1 Qxh3+ 36. Kf2 Qh2+ 37. Kf1 e3 38. Qxb7+ Kh6 39. Qe7 Qf2# 0-1

[Event "Titled Tuesday intern op 24th Nov"]
[Site "Chess.com INT"]
[Date "2020.11.24"]
[Round "2"]
[White "Osorio Itanare, Fernando Augus"]
[Black "Abdyjapar, Asyl"]
[Result "1-0"]
[WhiteElo "2217"]
[BlackElo "2394"]
[PlyCount "79"]
[EventDate "2020.11.24"]
[EventType "swiss (blitz)"]
[EventRounds "11"]
[EventCountry "USA"]
[SourceTitle "CBM 199 Extra"]
[Source "ChessBase"]
[SourceDate "2021.01.31"]
[SourceVersion "1"]
[SourceVersionDate "2021.01.31"]
[SourceQuality "1"]

1. e4 c5 2. Nc3 Nc6 3. g3 g6 4. Bg2 Bg7 5. d3 e6 6. Be3 d6 7. Qd2 Nd4 8. Nd1 Ne7 9. c3 Ndc6 10. Bh6 0-0 11. h4 f6 12. Bxg7 Kxg7 13. h5 g5 14. h6+ Kh8 15. f4 gxf4 16. gxf4 e5 17. Nf2 d5 18. 0-0-0 d4 19. c4 Rb8 20. Nf3 b5 21. fxe5 fxe5 22. Rdf1 bxc4 23. dxc4 Be6 24. b3 a5 25. Nd3 Qd6 26. Qg5 Ng6 27. Nh4 Nce7 28. Rxf8+ Rxf8 29. Rf1 Rxf1+ 30. Bxf1 Bc8 31. Nf5 Bxf5 32. exf5 e4 33. fxg6 exd3 34. g7+ Kg8 35. Bxd3 Qe6 36. Kb2 Qe1 37. Qxc5 Qd2+ 38. Ka3 Qe3 39. Bf5 d3 40. Qxe3 1-0

[Event "Titled Tuesday intern op 24th Nov"]
[Site "Chess.com INT"]
[Date "2020.11.24"]
[Round "4"]
[White "Pert, Richard G"]
[Black "Osorio Itanare, Fernando Augus"]
[Result "0-1"]
[WhiteElo "2416"]
[BlackElo "2217"]
[PlyCount "42"]
[EventDate "2020.11.24"]
[EventType "swiss (blitz)"]
[EventRounds "11"]
[EventCountry "USA"]
[SourceTitle "CBM 199 Extra"]
[Source "ChessBase"]
[SourceDate "2021.01.31"]
[SourceVersion "1"]
[SourceVersionDate "2021.01.31"]
[SourceQuality "1"]

1. d4 d5 2. c4 e6 3. Nc3 f5 4. g4 fxg4 5. e4 Nf6 6. e5 Ne4 7. Qxg4 Nxc3 8. bxc3 c5 9. Bd3 dxc4 10. Qh5+ Kd7 11. Bxc4 Nc6 12. Nf3 Kc7 13. Bg5 Be7 14. 0-0 g6 15. Qh6 Rf8 16. Bxe7 Qxe7 17. Ng5 Rf5 18. f4 Bd7 19. Rad1 Raf8 20. Qxh7 Rxg5+ 21. fxg5 Rxf1+ 0-1

[Event "Titled Tuesday intern op 24th Nov"]
[Site "Chess.com INT"]
[Date "2020.11.24"]
[Round "3"]
[White "Postny, Evgeny"]
[Black "Osorio Itanare, Fernando Augus"]
[Result "1-0"]
[WhiteElo "2605"]
[BlackElo "2217"]
[PlyCount "61"]
[EventDate "2020.11.24"]
[EventType "swiss (blitz)"]
[EventRounds "11"]
[EventCountry "USA"]
[SourceTitle "CBM 199 Extra"]
[Source "ChessBase"]
[SourceDate "2021.01.31"]
[SourceVersion "1"]
[SourceVersionDate "2021.01.31"]
[SourceQuality "1"]

1. e4 d5 2. d3 Nc6 3. Nf3 Bg4 4. Be2 Nf6 5. Nbd2 e5 6. 0-0 Bc5 7. c3 dxe4 8. dxe4 0-0 9. b4 Bd6 10. h3 Bh5 11. Qc2 Bg6 12. Nh4 a6 13. Nxg6 hxg6 14. a3 Ne7 15. Nc4 b5 16. Na5 c5 17. Rd1 Qc7 18. Qb1 Nc6 19. Nb3 c4 20. Nd2 Nh5 21. g3 f5 22. exf5 Nxg3 23. fxg3 Qb6+ 24. Kg2 Qe3 25. Qe4 Qxc3 26. Qxc6 Qxa1 27. Qxd6 gxf5 28. Nf3 Rae8 29. Ng5 f4 30. Qg6 Rf6 31. Qxe8+ 1-0

[Event "Titled Tuesday intern op 20th Oct"]
[Site "Chess.com INT"]
[Date "2020.10.20"]
[Round "1"]
[White "Osorio Itanare, Fernando Augus"]
[Black "Arabidze, Meri"]
[Result "0-1"]
[WhiteElo "2217"]
[BlackElo "2437"]
[PlyCount "100"]
[EventDate "2020.10.20"]
[EventType "swiss (blitz)"]
[EventRounds "11"]
[EventCountry "USA"]
[SourceTitle "EXT 2022"]
[Source "ChessBase"]
[SourceDate "2021.10.06"]
[SourceVersion "1"]
[SourceVersionDate "2021.10.06"]
[SourceQuality "1"]

1. e4 c5 2. Nc3 e6 3. g3 Nc6 4. Bg2 Nf6 5. Nge2 d5 6. exd5 exd5 7. d4 cxd4 8. Nxd4 Bc5 9. Qe2+ Qe7 10. Qxe7+ Nxe7 11. Nb3 Bb6 12. Bg5 Be6 13. 0-0 0-0-0 14. Na4 Bc7 15. Nac5 Nc6 16. Rfe1 Rhe8 17. Nxe6 fxe6 18. Bh3 Ne5 19. Kg2 h6 20. Bd2 Ne4 21. Rad1 g5 22. f4 gxf4 23. Bxf4 Nc6 24. Bxc7 Kxc7 25. Nd2 Nxd2 26. Rxd2 e5 27. c3 e4 28. Red1 e3 29. Re2 d4 30. cxd4 Nxd4 31. Rc1+ Kb6 32. Ree1 e2 33. Bg4 Re3 34. Rc3 Re5 35. Rd3 Nc2 36. Rxe2 Rxd3 37. Rxe5 Ne3+ 38. Kh3 Nc4 39. Re6+ Kc5 40. Rxh6 Nxb2 41. Rh5+ Kb4 42. Bf5 Ra3 43. Be6 Nc4 44. Rh4 b5 45. Rh7 Rxa2 46. g4 a5 47. g5 Ra3+ 48. Kh4 Ne5 49. Re7 Ng6+ 50. Kg4 Nxe7 0-1

[Event "Titled Tuesday intern op 20th Oct"]
[Site "Chess.com INT"]
[Date "2020.10.20"]
[Round "2"]
[White "Osorio Itanare, Fernando Augus"]
[Black "Taboas Rodriguez, Daniel"]
[Result "0-1"]
[WhiteElo "2217"]
[BlackElo "2365"]
[PlyCount "80"]
[EventDate "2020.10.20"]
[EventType "swiss (blitz)"]
[EventRounds "11"]
[EventCountry "USA"]
[SourceTitle "EXT 2022"]
[Source "ChessBase"]
[SourceDate "2021.10.06"]
[SourceVersion "1"]
[SourceVersionDate "2021.10.06"]
[SourceQuality "1"]

1. e4 e6 2. d4 d5 3. Nc3 Nc6 4. Nf3 Nf6 5. e5 Ne4 6. Bd3 Bb4 7. Bd2 Nxd2 8. Qxd2 Be7 9. h4 Nb4 10. Rh3 Bd7 11. Rg3 g6 12. h5 Nxd3+ 13. cxd3 c5 14. dxc5 Bxc5 15. d4 Be7 16. 0-0-0 Qa5 17. Kb1 0-0-0 18. Ng5 Be8 19. Rf3 Bxg5 20. Qxg5 Kb8 21. Ne2 Rc8 22. Qf6 Ba4 23. Ra3 Qb4 24. Rh1 Rhe8 25. Rc3 Bb5 26. a3 Qa5 27. Rxc8+ Rxc8 28. Nc3 Bd3+ 29. Ka2 Bc4+ 30. Ka1 Bb3 31. Qe7 Rxc3 32. Qd6+ Rc7 33. Rc1 Bc4 34. Qf8+ Rc8 35. Qd6+ Qc7 36. Qb4 Qd7 37. b3 Ba6 38. Rxc8+ Qxc8 39. Qd6+ Ka8 40. Kb2 Bd3 0-1

[Event "Titled Tuesday intern op 20th Oct"]
[Site "Chess.com INT"]
[Date "2020.10.20"]
[Round "6"]
[White "Zakirova, Aisha"]
[Black "Osorio Itanare, Fernando Augus"]
[Result "1-0"]
[WhiteElo "1585"]
[BlackElo "2217"]
[PlyCount "49"]
[EventDate "2020.10.20"]
[EventType "swiss (blitz)"]
[EventRounds "11"]
[EventCountry "USA"]
[SourceTitle "EXT 2022"]
[Source "ChessBase"]
[SourceDate "2021.10.06"]
[SourceVersion "1"]
[SourceVersionDate "2021.10.06"]
[SourceQuality "1"]

1. d4 f5 2. e4 fxe4 3. Nc3 Nf6 4. Bg5 Nc6 5. d5 Ne5 6. Bxf6 exf6 7. Nxe4 f5 8. Nc3 g6 9. Nf3 Nf7 10. Qd4 Bh6 11. Bc4 Qe7+ 12. Be2 0-0 13. 0-0 Nd6 14. Rfe1 Bg7 15. Qd2 h6 16. Bd3 Qf6 17. Ne5 Nf7 18. Nxf7 Qxf7 19. d6 cxd6 20. Bb5 b6 21. Nd5 Bb7 22. Bc4 Kh8 23. Re7 Qg8 24. Nf6 Qxc4 25. Qxh6+ 1-0

[Event "Titled Tuesday intern op 29th Sept"]
[Site "Chess.com INT"]
[Date "2020.09.29"]
[Round "6"]
[White "Garrido Outon, Alex"]
[Black "Osorio Itanare, Fernando Augus"]
[Result "1-0"]
[WhiteElo "2359"]
[BlackElo "2217"]
[PlyCount "69"]
[EventDate "2020.09.29"]
[EventType "swiss (blitz)"]
[EventRounds "10"]
[EventCountry "USA"]
[SourceTitle "CBM 198 Extra"]
[Source "ChessBase"]
[SourceDate "2020.11.30"]
[SourceVersion "1"]
[SourceVersionDate "2020.11.30"]
[SourceQuality "1"]

1. e4 d5 2. exd5 Nf6 3. Nf3 Bg4 4. h3 Bxf3 5. Qxf3 Qxd5 6. Qxd5 Nxd5 7. c3 e5 8. g3 Nc6 9. d3 0-0-0 10. Nd2 f5 11. Be2 Bc5 12. 0-0 g5 13. Nc4 f4 14. g4 a5 15. a4 Rdg8 16. Bd2 h5 17. Kg2 hxg4 18. hxg4 Nb6 19. Nxb6+ Bxb6 20. Rh1 Kd7 21. Bf3 Ne7 22. Be4 c6 23. Rxh8 Rxh8 24. b4 axb4 25. cxb4 Bd4 26. Rb1 Nd5 27. b5 Kd6 28. a5 Nf6 29. Bf3 Kc7 30. a6 bxa6 31. bxc6 Bb6 32. Bc3 Re8 33. Re1 Kd6 34. Rb1 Bc7 35. Rb7 1-0

[Event "Titled Tuesday intern op 29th Sept"]
[Site "Chess.com INT"]
[Date "2020.09.29"]
[Round "7"]
[White "Osorio Itanare, Fernando Augus"]
[Black "Vaishali, Ramesh Babu"]
[Result "1-0"]
[WhiteElo "2217"]
[BlackElo "2393"]
[PlyCount "64"]
[EventDate "2020.09.29"]
[EventType "swiss (blitz)"]
[EventRounds "10"]
[EventCountry "USA"]
[SourceTitle "CBM 198 Extra"]
[Source "ChessBase"]
[SourceDate "2020.11.30"]
[SourceVersion "1"]
[SourceVersionDate "2020.11.30"]
[SourceQuality "1"]

1. e4 c5 2. Nc3 Nc6 3. g3 g6 4. Bg2 Bg7 5. d3 d6 6. Be3 Rb8 7. Qd2 b5 8. Nge2 Nd4 9. 0-0 b4 10. Nd1 Nxe2+ 11. Qxe2 h5 12. h3 e5 13. a3 a5 14. axb4 axb4 15. Qd2 Ne7 16. f4 exf4 17. gxf4 Be6 18. Ra7 Qb6 19. Rxe7+ Kxe7 20. f5 gxf5 21. exf5 Bd7 22. f6+ Bxf6 23. Bg5 Bxg5 24. Qxg5+ Kf8 25. Bd5 Be8 26. Qf5 Rg8+ 27. Kh1 Qc7 28. Ne3 Qe7 29. Nc4 Rd8 30. Qxh5 Rd7 31. Qh6+ Rg7 32. Rg1 f6 1-0

[Event "Titled Tuesday intern op 19th May"]
[Site "Chess.com INT"]
[Date "2020.05.19"]
[Round "1"]
[White "Diaz Villagran, Robert"]
[Black "Osorio Itanare, Fernando Augus"]
[Result "1-0"]
[WhiteElo "2305"]
[BlackElo "2217"]
[PlyCount "61"]
[EventDate "2020.05.19"]
[EventType "swiss (blitz)"]
[EventRounds "10"]
[EventCountry "USA"]
[SourceTitle "EXT 2021"]
[Source "ChessBase"]
[SourceDate "2020.10.23"]
[SourceVersion "1"]
[SourceVersionDate "2020.10.23"]
[SourceQuality "1"]

1. e4 d5 2. exd5 Nf6 3. Nc3 Nxd5 4. Bc4 Nb6 5. Bb3 Nc6 6. Nf3 Bf5 7. 0-0 e6 8. d4 Qd7 9. Qe2 0-0-0 10. Bg5 Be7 11. Bxe7 Qxe7 12. Rad1 Bg4 13. Qe3 Bxf3 14. gxf3 Qh4 15. Ne2 Nd5 16. Qe4 Qg5+ 17. Qg4 Qf6 18. c3 h5 19. Qe4 Rh6 20. Kh1 h4 21. Rg1 Nce7 22. Rg4 h3 23. Rdg1 Nf5 24. Nf4 Nd6 25. Qe5 Nxf4 26. Qxf4 Qxf4 27. Rxf4 Nf5 28. Bc2 g5 29. Rxg5 Ne7 30. Rxf7 Nd5 31. Be4 1-0

[Event "Titled Tuesday intern op 19th May"]
[Site "Chess.com INT"]
[Date "2020.05.19"]
[Round "10"]
[White "Kotliar, Mark"]
[Black "Osorio Itanare, Fernando Augus"]
[Result "0-1"]
[WhiteElo "2300"]
[BlackElo "2217"]
[PlyCount "62"]
[EventDate "2020.05.19"]
[EventType "swiss (blitz)"]
[EventRounds "10"]
[EventCountry "USA"]
[SourceTitle "EXT 2021"]
[Source "ChessBase"]
[SourceDate "2020.10.23"]
[SourceVersion "1"]
[SourceVersionDate "2020.10.23"]
[SourceQuality "1"]

1. e4 d5 2. exd5 Nf6 3. d4 Bg4 4. Qd3 Qxd5 5. c4 Qf5 6. Qxf5 Bxf5 7. Nf3 Nc6 8. Bd2 0-0-0 9. d5 Nb8 10. Nc3 e6 11. Nh4 Bg4 12. h3 Bh5 13. g4 Bg6 14. dxe6 Bc5 15. f4 Be4 16. Rh2 fxe6 17. g5 Bg1 18. Re2 Bd3 19. gxf6 Bxe2 20. Nxe2 Bf2+ 21. Kxf2 Rxd2 22. fxg7 Rg8 23. Nf3 Rxb2 24. Ng5 Rxg7 25. Nxe6 Re7 26. Ng5 Nc6 27. Nf3 Nb4 28. Ne5 Rxa2 29. Rd1 a5 30. h4 a4 31. Kf3 Ra3+ 0-1

[Event "Titled Tuesday intern op 19th May"]
[Site "Chess.com INT"]
[Date "2020.05.19"]
[Round "8"]
[White "Murthy, Pappu LN"]
[Black "Osorio Itanare, Fernando Augus"]
[Result "0-1"]
[WhiteElo "1940"]
[BlackElo "2217"]
[PlyCount "58"]
[EventDate "2020.05.19"]
[EventType "swiss (blitz)"]
[EventRounds "10"]
[EventCountry "USA"]
[SourceTitle "EXT 2021"]
[Source "ChessBase"]
[SourceDate "2020.10.23"]
[SourceVersion "1"]
[SourceVersionDate "2020.10.23"]
[SourceQuality "1"]

1. d4 f5 2. Nf3 Nf6 3. g3 e6 4. Bg2 d5 5. 0-0 c6 6. c4 Bd6 7. Qb3 0-0 8. Nc3 Kh8 9. Bf4 Bxf4 10. gxf4 b6 11. Ne5 Bb7 12. Rac1 Nbd7 13. cxd5 exd5 14. e3 Nxe5 15. dxe5 Ne4 16. Nxe4 fxe4 17. Rfd1 Qe7 18. Kh1 g5 19. Qc3 gxf4 20. exf4 Rxf4 21. e6+ Qf6 22. Bh3 Re8 23. Qg3 c5 24. Rf1 d4 25. Bg2 Rxe6 26. Qh3 Re8 27. Qh5 Rg8 28. Bh3 e3+ 29. f3 Rxf3 0-1

[Event "VEN-ch"]
[Site "Lecheria"]
[Date "2015.03.14"]
[Round "4"]
[White "Osorio Itanare, Fernando Augus"]
[Black "Rodriguez, Reinaldo"]
[Result "1/2-1/2"]
[WhiteElo "2262"]
[BlackElo "2203"]
[PlyCount "91"]
[EventDate "2015.03.12"]
[EventType "tourn"]
[EventRounds "11"]
[EventCountry "VEN"]
[EventCategory "1"]
[SourceTitle "CBM 165 Extra"]
[Source "ChessBase"]
[SourceDate "2015.04.21"]
[SourceVersion "1"]
[SourceVersionDate "2015.04.21"]
[SourceQuality "1"]

1. b3 e5 2. Bb2 Nc6 3. e3 Nf6 4. Bb5 Bd6 5. Na3 a6 6. Bxc6 dxc6 7. Nc4 Qe7 8. d4 e4 9. Nxd6+ cxd6 10. Qd2 0-0 11. Ne2 a5 12. a4 Re8 13. c4 b6 14. Ba3 Qc7 15. Nc3 Qd7 16. d5 c5 17. 0-0-0 Ng4 18. Rdf1 Qe7 19. h3 Ne5 20. f4 exf3 21. gxf3 Ng6 22. Nd1 Qh4 23. Bb2 Ra7 24. Qf2 f6 25. Bc3 Qxf2 26. Rxf2 Nh4 27. Bd2 Rae7 28. Nc3 Nf5 29. Re1 Nxe3 30. Rfe2 Nf5 31. Rxe7 Rxe7 32. Rxe7 Nxe7 33. Bf4 Bxh3 34. Bxd6 Nc8 35. Bc7 Kf7 36. Kd2 Ke7 37. d6+ Kd7 38. Nd5 Kc6 39. Ne7+ Kb7 40. Ke3 Bd7 41. Nd5 Kc6 42. Bb8 Kb7 43. Bc7 Kc6 44. Bb8 Kb7 45. Bc7 Kc6 46. Bb8 1/2-1/2

[Event "Barcelona IRT 2do. Copa IDANZ"]
[Site "Barcelona"]
[Date "2014.09.07"]
[Round "6.4"]
[White "Osorio Itanare, Fernando Augus"]
[Black "Guaimare Rodriguez, Carlos Luis"]
[Result "1-0"]
[WhiteElo "2262"]
[BlackElo "1925"]
[PlyCount "71"]
[EventDate "2014.09.05"]
[EventType "swiss"]
[EventRounds "6"]
[EventCountry "VEN"]
[SourceTitle "EXT 2022"]
[Source "ChessBase"]
[SourceDate "2021.10.06"]
[SourceVersion "1"]
[SourceVersionDate "2021.10.06"]
[SourceQuality "1"]

1. b3 d5 2. Bb2 Nf6 3. e3 Bf5 4. f4 e6 5. Nf3 Be7 6. Be2 h6 7. 0-0 0-0 8. Ne5 Nbd7 9. d3 Nxe5 10. fxe5 Nd7 11. Bf3 c6 12. Qe2 Qc7 13. e4 Bh7 14. d4 Rac8 15. Nd2 f6 16. exf6 Bxf6 17. Bg4 Rfe8 18. e5 Bg5 19. Nf3 Bd8 20. Ne1 Nf8 21. Qf2 Be4 22. Nd3 Bxd3 23. cxd3 g6 24. Ba3 Nh7 25. Qe3 Qg7 26. Rf2 h5 27. Bh3 Ng5 28. Raf1 Nxh3+ 29. Qxh3 Bb6 30. Qe3 Rcd8 31. Rf6 Rd7 32. Bf8 Qh7 33. Bh6 Rdd8 34. Qg5 Bxd4+ 35. Kh1 Bxe5 36. Rxg6+ 1-0

[Event "VEN-ch"]
[Site "Lecheria"]
[Date "2014.01.14"]
[Round "8"]
[White "Osorio Itanare, Fernando Augus"]
[Black "Zavarce Sayago, Oscar Enrique"]
[Result "1-0"]
[WhiteElo "2230"]
[BlackElo "2223"]
[PlyCount "55"]
[EventDate "2014.01.10"]
[EventType "swiss"]
[EventRounds "9"]
[EventCountry "VEN"]
[SourceTitle "CBM 158 Extra"]
[Source "ChessBase"]
[SourceDate "2014.02.28"]
[SourceVersion "1"]
[SourceVersionDate "2014.02.28"]
[SourceQuality "1"]

1. e4 c5 2. Nc3 a6 3. g3 b5 4. Bg2 Bb7 5. d3 e6 6. Nf3 d6 7. 0-0 Nd7 8. Qe2 Qc7 9. Ne1 Be7 10. f4 Ngf6 11. e5 Ng8 12. exd6 Bxd6 13. f5 e5 14. Nd5 Qb8 15. Qg4 Kf8 16. f6 Ndxf6 17. Nxf6 gxf6 18. Qh5 h6 19. Nf3 Ne7 20. Ng5 Ng6 21. Rxf6 hxg5 22. Qxg6 Qc7 23. Bxb7 Qxb7 24. Bxg5 c4 25. d4 Qa7 26. c3 exd4 27. Raf1 dxc3+ 28. R1f2 1-0

[Event "VEN-ch"]
[Site "Lecheria"]
[Date "2014.01.13"]
[Round "6"]
[White "Osorio Itanare, Fernando Augus"]
[Black "Guerrero Vargas, Andres Jesus"]
[Result "0-1"]
[WhiteElo "2230"]
[BlackElo "2279"]
[PlyCount "70"]
[EventDate "2014.01.10"]
[EventType "swiss"]
[EventRounds "9"]
[EventCountry "VEN"]
[SourceTitle "CBM 158 Extra"]
[Source "ChessBase"]
[SourceDate "2014.02.28"]
[SourceVersion "1"]
[SourceVersionDate "2014.02.28"]
[SourceQuality "1"]

1. b3 d5 2. Bb2 c5 3. e3 Nf6 4. f4 e6 5. Nf3 Bd6 6. Ne5 0-0 7. Bd3 Nc6 8. 0-0 Nb4 9. Be2 Bc7 10. d4 Ne4 11. a3 Nc6 12. Nxc6 bxc6 13. dxc5 a5 14. Bf3 Ba6 15. Re1 Qe7 16. Bxe4 dxe4 17. Qd4 f5 18. Nd2 Rad8 19. Qc3 Rf6 20. Nf1 Rd5 21. Rad1 Rxc5 22. Qd2 e5 23. c4 Rd6 24. Qf2 Rxd1 25. Rxd1 a4 26. b4 Rxc4 27. fxe5 Bxe5 28. Bxe5 Qxe5 29. Ng3 g6 30. Rd8+ Kg7 31. Rd7+ Kf6 32. Qd2 Rc3 33. Ra7 Bd3 34. Rxa4 Rc2 35. Qe1 Qb2 0-1

[Event "San Cristobal Bolivar op 1st"]
[Site "San Cristobal"]
[Date "2012.09.30"]
[Round "10"]
[White "Osorio Itanare, Fernando Augus"]
[Black "Torres Torcat, Darwin"]
[Result "1-0"]
[WhiteElo "2175"]
[BlackElo "1970"]
[PlyCount "57"]
[EventDate "2012.09.25"]
[EventType "swiss"]
[EventRounds "10"]
[EventCountry "VEN"]
[SourceTitle "EXT 2013"]
[Source "ChessBase"]
[SourceDate "2012.11.22"]
[SourceVersion "1"]
[SourceVersionDate "2012.11.22"]
[SourceQuality "1"]

1. e4 e6 2. d4 d5 3. Nc3 Bb4 4. Bd2 c5 5. a3 cxd4 6. axb4 dxc3 7. Bxc3 Nf6 8. e5 Ne4 9. Bd4 Nc6 10. Bb5 Qg5 11. g3 f6 12. Nf3 Qh5 13. exf6 gxf6 14. Nd2 Qg6 15. f3 Nd6 16. Bd3 Qf7 17. Bc5 Qc7 18. f4 0-0 19. Qh5 Rf7 20. g4 b6 21. Bxd6 Qxd6 22. g5 Nxb4 23. gxf6 Nxd3+ 24. cxd3 Qxf4 25. Ke2 Bb7 26. Rhg1+ Kf8 27. Raf1 Qd6 28. Rg7 Qc7 29. Qxh7 1-0

[Event "San Cristobal Bolivar op 1st"]
[Site "San Cristobal"]
[Date "2012.09.29"]
[Round "8"]
[White "Osorio Itanare, Fernando Augus"]
[Black "Ruiz Aguilar, Pablo Alexander"]
[Result "0-1"]
[WhiteElo "2175"]
[BlackElo "2290"]
[PlyCount "94"]
[EventDate "2012.09.25"]
[EventType "swiss"]
[EventRounds "10"]
[EventCountry "VEN"]
[SourceTitle "EXT 2013"]
[Source "ChessBase"]
[SourceDate "2012.11.22"]
[SourceVersion "1"]
[SourceVersionDate "2012.11.22"]
[SourceQuality "1"]

1. e4 c5 2. Nc3 Nc6 3. g3 g6 4. Bg2 Bg7 5. d3 Rb8 6. Be3 d6 7. Qd2 b5 8. Nge2 b4 9. Nd1 Nd4 10. 0-0 Nxe2+ 11. Qxe2 Nf6 12. e5 dxe5 13. Bxc5 Qc7 14. d4 Nd7 15. a3 Nxc5 16. dxc5 Qxc5 17. axb4 Rxb4 18. Qe3 Qxe3 19. Nxe3 a6 20. Rfb1 0-0 21. Nd5 Rb7 22. Rxa6 Rxb2 23. Rxb2 Bxa6 24. Rb6 Bc4 25. Nxe7+ Kh8 26. Rc6 Be6 27. Bd5 Bh3 28. Bg2 Be6 29. Bd5 Bh3 30. Rb6 Rd8 31. c4 Bf8 32. Nc6 Ra8 33. Rb1 Ra2 34. Nxe5 Bc5 35. Nxf7+ Kg7 36. Ng5 Rxf2 37. Kh1 Bf5 38. Rb7+ Kf6 39. h4 Rf1+ 40. Kh2 Rf2+ 41. Bg2 h6 42. Rf7+ Ke5 43. Nh3 Rc2 44. Ng1 Ke6 45. Rc7 Bd6 46. Rc8 Be4 47. Re8+ Be7 0-1

[Event "San Cristobal Bolivar op 1st"]
[Site "San Cristobal"]
[Date "2012.09.25"]
[Round "1"]
[White "Rohl Montes, Juan Armando"]
[Black "Osorio Itanare, Fernando Augus"]
[Result "1/2-1/2"]
[WhiteElo "2411"]
[BlackElo "2175"]
[PlyCount "52"]
[EventDate "2012.09.25"]
[EventType "swiss"]
[EventRounds "10"]
[EventCountry "VEN"]
[SourceTitle "EXT 2013"]
[Source "ChessBase"]
[SourceDate "2012.11.22"]
[SourceVersion "1"]
[SourceVersionDate "2012.11.22"]
[SourceQuality "1"]

1. e4 d5 2. exd5 Nf6 3. d4 Bg4 4. Nf3 Qxd5 5. Be2 Nc6 6. c4 Qh5 7. Be3 0-0-0 8. Nbd2 e5 9. d5 Nd4 10. Nxd4 exd4 11. Bxg4+ Nxg4 12. Bxd4 Re8+ 13. Kf1 Nxh2+ 14. Kg1 Qxd1+ 15. Rxd1 Ng4 16. f3 Nf6 17. Kf2 Bd6 18. Rhe1 Rxe1 19. Rxe1 Nd7 20. Bxg7 Rg8 21. Kf1 b5 22. Bc3 Nb6 23. b3 bxc4 24. bxc4 f5 25. Re6 Bf4 26. Rc6 Rg6 1/2-1/2

[Event "Porlamar op 4th"]
[Site "Porlamar"]
[Date "2012.06.08"]
[Round "5"]
[White "Bermudez, Rodrigo"]
[Black "Osorio Itanare, Fernando Augus"]
[Result "0-1"]
[WhiteElo "1806"]
[BlackElo "2219"]
[PlyCount "30"]
[EventDate "2012.06.06"]
[EventType "swiss"]
[EventRounds "9"]
[EventCountry "VEN"]
[SourceTitle "EXT 2014"]
[Source "ChessBase"]
[SourceDate "2013.11.20"]
[SourceVersion "1"]
[SourceVersionDate "2013.11.20"]
[SourceQuality "1"]

1. e4 d5 2. exd5 Nf6 3. b3 Qxd5 4. Nc3 Qa5 5. Bb2 Nc6 6. g3 Bg4 7. f3 Bf5 8. g4 Bd7 9. Nge2 h5 10. Ng3 hxg4 11. Nge4 gxf3 12. Qxf3 0-0-0 13. Nxf6 exf6 14. 0-0-0 Nd4 15. Qg3 Nf5 0-1

[Event "Porlamar op 4th"]
[Site "Porlamar"]
[Date "2012.06.07"]
[Round "3"]
[White "Rondon Chacon, Rene Ibrahim"]
[Black "Osorio Itanare, Fernando Augus"]
[Result "1-0"]
[WhiteElo "2088"]
[BlackElo "2219"]
[PlyCount "59"]
[EventDate "2012.06.06"]
[EventType "swiss"]
[EventRounds "9"]
[EventCountry "VEN"]
[SourceTitle "EXT 2014"]
[Source "ChessBase"]
[SourceDate "2013.11.20"]
[SourceVersion "1"]
[SourceVersionDate "2013.11.20"]
[SourceQuality "1"]

1. Nf3 f5 2. c4 Nf6 3. b3 g6 4. Bb2 Bg7 5. g3 d6 6. d4 c6 7. Bg2 0-0 8. Nbd2 Qc7 9. 0-0 Re8 10. Re1 Na6 11. a3 e5 12. c5 dxc5 13. dxe5 Ng4 14. Nc4 Be6 15. Qc2 Kh8 16. h3 Bxc4 17. hxg4 Be6 18. gxf5 Bxf5 19. e4 Bg4 20. Nh2 Be6 21. f4 Qb6 22. Qf2 Bxb3 23. f5 Bf7 24. Rab1 Ba2 25. Ra1 Bb3 26. e6 Bxe6 27. Bxg7+ Kxg7 28. Rab1 Bb3 29. Qb2+ Kf8 30. Qf6+ 1-0

[Event "Capablanca Memorial op-A 46th"]
[Site "Havana"]
[Date "2011.05.12"]
[Round "2"]
[White "Wohl, Aleksandar H"]
[Black "Osorio Itanare, Fernando Augus"]
[Result "0-1"]
[WhiteElo "2411"]
[BlackElo "2208"]
[PlyCount "60"]
[EventDate "2011.05.11"]
[EventType "swiss"]
[EventRounds "10"]
[EventCountry "CUB"]
[SourceTitle "CBM 142 Extra"]
[Source "ChessBase"]
[SourceDate "2011.06.27"]
[SourceVersion "1"]
[SourceVersionDate "2011.06.27"]
[SourceQuality "1"]

1. e4 c5 2. Nf3 Nc6 3. Bb5 g6 4. 0-0 Bg7 5. c3 Nf6 6. Re1 0-0 7. h3 Qc7 8. e5 Nd5 9. d4 cxd4 10. Bxc6 dxc6 11. Qxd4 Bf5 12. Qh4 f6 13. Nbd2 Rad8 14. Nc4 Bc8 15. Bh6 g5 16. Nxg5 Bxh6 17. Qxh6 fxg5 18. Qxg5+ Kh8 19. Re4 b5 20. Rh4 bxc4 21. Rxh7+ Kxh7 22. Qh5+ Kg7 23. Qg5+ Kf7 24. Qh5+ Ke6 25. Qg6+ Kd7 26. e6+ Kd6 27. b3 Rf6 28. Qg7 Bxe6 29. bxc4 Rg8 30. Qh7 Qb6 0-1